Cinética química elemental
Сохранить в:
| Главный автор: | |
|---|---|
| Формат: | |
| Язык: | испанский |
| Опубликовано: |
Washington, D.C
The Pan America Union
1965
|
| Серии: | Química, Monografía, 1
|
| Предметы: | |
| Метки: |
Добавить метку
Нет меток, Требуется 1-ая метка записи!
|
MARC
| LEADER | 00000nam a2200000 a 4500 | ||
|---|---|---|---|
| 001 | UCG0945 | ||
| 003 | CL-VaPUC | ||
| 008 | 100415e19650000US |||||||||||||||||spa|d | ||
| 082 | 0 | 4 | |a 541.394 |b BEH |2 21 |
| 100 | 0 | |a Behrens Le Bas, Harold |e author |9 548621 | |
| 245 | 1 | 0 | |a Cinética química elemental |
| 300 | |a 32 p | ||
| 942 | |c BK | ||
| 945 | |d 20100415 00:00:00 |a rbrito | ||
| 260 | |a Washington, D.C |b The Pan America Union |c 1965 | ||
| 650 | 0 | |a Cinética química |9 344779 | |
| 650 | 0 | |a Reacciones químicas |9 259438 | |
| 583 | |a last modification |c 20180403 11:36:12 |k Rodrigo Vera | ||
| 490 | 0 | |a Química, Monografía, 1 | |
| 999 | |c 340426 |d 340424 | ||
| 952 | |0 0 |1 0 |4 0 |6 541_394000000000000_BEH_1965 |7 0 |8 A |9 435181 |a BIBCUR |b BIBCUR |d 2019-11-22 |i 466082K |o 541.394 BEH 1965 |p 466082K |r 2024-01-29 |w 2019-11-22 |y BK |k QUI | ||